000 00638nam a2200217Ia 4500
003 OSt
005 20230612163103.0
008 210423s2010 xx 000 0 und d
020 _a978-0-521-18845-6
040 _cAL
041 _aeng
082 _a418.02
_223
_bRICT
100 _aRICCARDI (Alessandra)
_981026
245 _aTranslation studies: perspectives on an emerging discipline
260 _aNew Delhi
_bCambridge University Press
_c2010
300 _axii,244
_bPB
365 _b495
_cINR
650 _aLinguistics
_981027
906 _aan ; discipline ; emerging ; perspectives ; studies: ; Translation
942 _2ddc
_cBK
999 _c168965
_d168965